000 04693cam a2200481 i 4500
003 DO-SdBNP
005 20250707112615.0
007 ta
008 751003s2000 sp 001 0 spa d
020 _a9788446012221 (obra completa)
020 _a9788446012146 (libro 1, tomo 1)
020 _a9788446012153 (libro 1, tomo 2)
020 _a9788446012160 (libro 1, tomo 3)
020 _a9788446012177 (libro 2, tomo 1)
020 _a9788446012184 (libro 2, tomo 2)
020 _a9788446012191 (libro 3, tomo 1)
020 _a9788446012207 (libro 3, tomo 2)
020 _a9788446012214 (libro 3, tomo 3)
040 _aDO-SdBNP
_bspa
_cBNPHU
_erda
082 _a331.1
_bM392e
_222
100 1 _aMarx, Karl,
_d1818-1883
_930439
245 1 3 _aEl capital :
_bCrítica de la economía política/
_cKarl Marx, ; traducción Vicente Romano García
250 _a2a. edición
264 1 _aMadrid, España :
_bAkal ediciones,
_c2000.
264 3 _c2018. 5ta. reimpresión.
300 _a8 volumenes
_c18 cm.
336 _2rdacontent
_atexto
_btxt
337 _2rdamedia
_asin mediación
_bn
338 _2rdacarrier
_avolumen
_bnc
490 1 _aBásica de bolsillo
_v48 libro 1, tomo 1
_v49 libro 1, tomo 2
_v50 libro 1, tomo 3
_v51 libro 2, tomo 1
_v52 libro 2, tomo 2
_v53 libro 3, tomo 1
_v54 libro 3, tomo 2
_v55 libro 3, tomo 3
500 _aLa biblioteca posee la 5ta. reimpresión del 2018.
504 _aIncluye notas y bibliografías a pie de páginas
505 2 _aLibro 1, tomo del 1 al 3 --
_tNota preliminar del traductor, 7. --
_tPrólogo a la primera edición alemana, 15. --
_tEpílogo a la segunda edición alemana, 21 --
_tPrólogo y epílogo a la edición francesa, 33. --
_tPrólogo a la tercera edición francesa, 35. --
_tPrólogo a la edición inglesa, 39. --
_tPrólogo a la cuarta edición alemana, 45. --
_gLIBRO PRIMERO: El proceso de producción del capital --
_gSección primera --
_tMercancía y dinero --
_gSección segunda --
_tLa transformación del dinero en capital --
_gSección tercera --
_tLa producción de la plusvalía absoluta --
_gSección cuarta --
_tLa producción de la plusvalía relativa --
_gSección quinta --
_tLa producción de la plusvalía absoluta y relativa --
_gSección sexta --
_tEl salario --
_gSección séptima --
_tEl proceso de acumulación del capital /
505 2 _aLibro 2, tomo del 1 y 2
_tPrólogo --
_tPrólogo a la segunda edición --
_gLibro segundo: El proceso de circulación del capital --
_gSección primera --
_tLa metamorfosis del capital y su ciclo --
_gSección segunda --
_tLa rotación del capital --
_gSección tercera --
_tReproducción y circulación del capital social global --
505 2 _aLibro 3, tomo del 1 al 3 --
_tPrólogo --
_gLibro tercero: El proceso global de la producción capitalista --
_gSección primera --
_tLa transformación de la plusvalía en ganancia y de la cuota de plusvalía en cuota de ganancia --
_gSección segunda --
_tLa transformación de la ganancia en ganancia media --
_gSección tercera --
_tLey de la tendencia decreciente de la cuota de ganancia --
_gSección cuarta --
_tTransformación del capital mercantil y del capital monetario en capital para el comercio de mercancías y capital para el comercio de dinero (capital comercial) --
_gSección quinta --
_tDivisión de la ganancia en interés y ganancia de empresario --
_gSección sexta --
_tDivisión de la ganancia en interés y ganancia de empresario --
_gSección séptima --
_tLas rentas y sus fuentes /
520 _aEsta versión castellana en ocho volúmenes de la obra cumbre de Marx está traducida directamente del original alemán. Se ha tomado como base la edición Dietz de Berlín, cuidadosamente preparada y cotejada con las anteriores por los grupos de trabajo de los institutos de Marxismo- de Berlín y Moscú. También se han tenido en cuenta la traducción francesa de J. Roy, revisada por el mismo Marx, y las versiones italianas de Editori Riuniti y Castellana de W. Roces, F.C.E. (México), entre otras. Los índices y apéndices que acompañan esta versión de El Capital contribuyen de un modo notable a la rápida orientación y mejor comprensión del libro. A pesar de su fama de difícil, la obra resulta asequible a todo tipo de lectores, que descubrirán a través de sus esclarecedoras páginas la vigencia de uno de los clásicos indiscutibles del pensamiento político y económico moderno, que mantiene intacta su virtualidad y la profundidad de su análisis como en la época de su redacción.
590 _aInventariado, 2023/ YL
650 0 _aCapital
_93797
650 0 _aEconomia
_985383
700 1 _aRomano García, Vicente
_etraducción
_942669
910 _aYlockward
942 _2ddc
_cLBS1
999 _c55119
_d55119